| 000 | 00794nam a22002417a 4500 | ||
|---|---|---|---|
| 001 | 3587 | ||
| 003 | FISKH | ||
| 005 | 20240321145444.0 | ||
| 008 | 240321b cb ||||| |||| 00| 0 eng d | ||
| 040 |
_aFISK _beng _cFISK _dFISK |
||
| 050 | _aPZ7.L58474 | ||
| 082 | _a813 | ||
| 100 |
_aLewis C. S. _d1898-1963 |
||
| 245 |
_aThe magician's nephew / _c _bC. S. Lewis |
||
| 260 |
_aNew York : _bScholastic, _c1995 |
||
| 300 |
_a202 pages : _billustrations, _c20 cm |
||
| 505 | _aM | ||
| 520 | _aWhen Digory and Polly try to return the wicked witch Jadis to her own world, the magic gets mixed up and they all land in Narnia where they witness Aslan blessing the animals with human speech. | ||
| 521 | 8 |
_a790 _bLexile |
|
| 700 | _aC. S. Lewis | ||
| 942 |
_2ddc _cBK _n0 |
||
| 999 |
_c3587 _d3587 |
||